Normal view
MARC view
- Supervisor : Dr. Sayyed Hussain Imran Jaffery
Entry Personal Name
001 - CONTROL NUMBER
- control field: 122396
003 - CONTROL NUMBER IDENTIFIER
- control field: NUST
005 - DATE AND TIME OF LATEST TRANSACTION
- control field: 20240419113216.0
008 - FIXED-LENGTH DATA ELEMENTS
- fixed length control field: 240419|| aca||aabn | a|a d
040 ## - CATALOGING SOURCE
- Original cataloging agency: NUST
- Transcribing agency: NUST
100 ## - HEADING--PERSONAL NAME
- Personal name: Supervisor : Dr. Sayyed Hussain Imran Jaffery
670 ## - SOURCE DATA FOUND
- Source citation: Work cat.: (NUST): Zeb ,Fakhar Alam 122395, Investigation into Electron Beam Welding (EBW) of High Strength Alloys /
